000 00824nam a2200229Ia 4500
001 L239-11810
003 IT-CnALBA
008 170116s9999||||xx |||||||||||||| ||und||
040 _aIT-CnALBA
_cIT-CnALBA
041 _aITALIANO
100 _aNEMI ORSOLA
245 0 _aI CRISTIANI DIMEZZATI.
250 _a1a ed.
260 _aMILANO
_bRUSCONI, EDITORE
_c1972 [1° Ed.:1972 - Ed.Ling.Originale: 1972]
300 _a175 p.
500 _aDIALOGO E CONFUSIONE OGGI. I TEOLOGI ATTUALI. RITORNO ALLE ORIGINI. FANTASMI.
501 _aSocietà San Paolo EM - Piazza San Paolo, 14 - 12051 ALBA (CN) (non commercial uses only) ® Copyright 2017
520 _aDIALOGO E CONFUSIONE OGGI. I TEOLOGI ATTUALI. RITORNO ALLE ORIGINI. FANTASMI.
650 _aAPOLOGETICA E CONTROVERSIE
942 _cBK
957 _71
999 _a16563
_bNO
_g Copie: 1
_c270987
_d270987